[Event "25. Torneo San Viator 2015 - Torneo B"]
[Site "Madrid ESP"]
[Date "2015.10.04"]
[Round "1.24"]
[White "Jimenez Manzano, Emiliano"]
[Black "Del Noval Nemeshazi, Mario"]
[Result "1/2-1/2"]
[WhiteElo "1550"]
[BlackElo "1239"]
[PlyCount "149"]
[EventDate "2015.10.04"]
[EventType "swiss"]
[EventRounds "9"]
[EventCountry "ESP"]
[Source "lmi"]
[SourceDate "2015.10.04"]

1. d4 Nf6 2. Bf4 g6 3. e3 Bg7 4. Nf3 O-O 5. Bd3 d6 6. Nc3 Nbd7 7. h3 c5 8. dxc5
Nxc5 9. O-O Nxd3 10. cxd3 e5 11. Bg3 Re8 12. Nd2 d5 13. e4 d4 14. Ne2 Bd7 15.
Bh2 Bb5 16. Nb3 Qb6 17. Qd2 Qa6 18. Rfd1 Nxe4 19. dxe4 Bxe2 20. Rdc1 Bb5 21.
Qb4 Rac8 22. a3 Qa4 23. Qxa4 Bxa4 24. Nc5 Bc6 25. f3 Rc7 26. Nd3 f6 27. Nb4
Rec8 28. Nxc6 Rxc6 29. Rxc6 Rxc6 30. Bg3 Bh6 31. a4 Be3+ 32. Kf1 d3 33. Rd1 Rd6
34. Bf2 Bf4 35. Bxa7 Kf7 36. Bc5 Rd7 37. b4 Ke6 38. Bf2 f5 39. Be1 fxe4 40.
fxe4 Kf6 41. Bd2 Kg5 42. Kf2 Bxd2 43. Rxd2 Kf4 44. b5 Kxe4 45. a5 Rd6 46. Rd1
Kd4 47. Rb1 Kc5 48. Ke3 Kc4 49. a6 bxa6 50. bxa6 Rxa6 51. Rc1+ Kd5 52. Kxd3
Ra3+ 53. Ke2 Ke4 54. Rc7 Ra2+ 55. Kf1 Ke3 56. Rc3+ Kf4 57. g3+ Ke4 58. Rb3 Rd2
59. Ke1 Rd3 60. Rb4+ Ke3 61. g4 Ra3 62. Kf1 Kf3 63. Ke1 Kg3 64. Re4 Kxh3 65. g5
Ra5 66. Kf2 Rd5 67. Kf3 Rd3+ 68. Kf2 Rg3 69. Rxe5 Kh4 70. Re4+ Rg4 71. Re7 Rxg5
72. Rxh7+ Rh5 73. Rg7 Kg5 74. Kg3 Rh4 75. Rxg6+ 1/2-1/2

[Event "25. Torneo San Viator 2015 - Torneo B"]
[Site "Madrid ESP"]
[Date "2015.10.04"]
[Round "1.25"]
[White "Trapero Bueno, Vicente"]
[Black "Alameda Arellano, Cristeto"]
[Result "0-1"]
[WhiteElo "1237"]
[BlackElo "1545"]
[PlyCount "92"]
[EventDate "2015.10.04"]
[EventType "swiss"]
[EventRounds "9"]
[EventCountry "ESP"]
[Source "lmi"]
[SourceDate "2015.10.04"]

1. d4 d5 2. c4 c6 3. Nc3 Nf6 4. Nf3 dxc4 5. a4 Bf5 6. Nh4 Bg4 7. Nf3 e6 8. e3
Bb4 9. Bxc4 Ne4 10. O-O Nxc3 11. bxc3 Bxc3 12. Rb1 Qe7 13. Be2 a6 14. Qb3 Ba5
15. Qxb7 Qxb7 16. Rxb7 O-O 17. Ba3 Rd8 18. Rfb1 Nd7 19. Bd1 Nb6 20. R1xb6 Bxb6
21. Rxb6 Rab8 22. a5 Rbc8 23. Bc5 Rb8 24. h3 Bf5 25. Ne5 Be4 26. f3 f6 27. fxe4
fxe5 28. Bb3 Kf7 29. Bc4 exd4 30. exd4 Rxb6 31. Bxb6 Ra8 32. e5 Kg6 33. Bd3+
Kg5 34. Bxh7 g6 35. h4+ Kh6 36. Bxg6 Kxg6 37. g4 Rh8 38. h5+ Kg5 39. d5 cxd5
40. Be3+ Kxg4 41. h6 Kf5 42. Kf2 Kxe5 43. Bg5 Ke4 44. Ke2 Kf5 45. Be3 e5 46.
Bc5 Rxh6 0-1

[Event "25. Torneo San Viator 2015 - Torneo B"]
[Site "Madrid ESP"]
[Date "2015.10.04"]
[Round "1.26"]
[White "Berlana San Segundo, Miguel"]
[Black "Guillo Sanchez-Galiano, Ernest"]
[Result "1/2-1/2"]
[WhiteElo "1527"]
[BlackElo "1201"]
[PlyCount "60"]
[EventDate "2015.10.04"]
[EventType "swiss"]
[EventRounds "9"]
[EventCountry "ESP"]
[Source "lmi"]
[SourceDate "2015.10.04"]

1. e4 d6 2. d4 g6 3. c4 Bg7 4. f3 Nf6 5. Be3 O-O 6. Nc3 a6 7. Bd3 b6 8. Nge2
Bb7 9. Qd2 c5 10. d5 Nbd7 11. Bh6 Ne5 12. Bxg7 Nxd3+ 13. Qxd3 Kxg7 14. O-O e6
15. Rae1 exd5 16. exd5 Re8 17. Ne4 Bc8 18. Qc3 Bf5 19. Nxf6 Qxf6 20. Qxf6+ Kxf6
21. Ng3 Bd3 22. Rxe8 Rxe8 23. Rc1 b5 24. b3 h5 25. h4 Kg7 26. Rd1 bxc4 27. bxc4
Bxc4 28. a3 Bb5 29. Ne4 Rd8 30. Kf2 f5 1/2-1/2

[Event "25. Torneo San Viator 2015 - Torneo B"]
[Site "Madrid ESP"]
[Date "2015.10.04"]
[Round "1.27"]
[White "Coronado Riscos, Hector"]
[Black "Fernandez Rodriguez, Alberto"]
[Result "0-1"]
[WhiteElo "1102"]
[BlackElo "1520"]
[PlyCount "98"]
[EventDate "2015.10.04"]
[EventType "swiss"]
[EventRounds "9"]
[EventCountry "ESP"]
[Source "lmi"]
[SourceDate "2015.10.04"]

1. d4 d5 2. Nf3 Nf6 3. Bg5 e6 4. e3 Be7 5. Bxf6 Bxf6 6. Nbd2 O-O 7. c4 dxc4 8.
Bxc4 c5 9. dxc5 Bxb2 10. Rb1 Bf6 11. Ne4 Qa5+ 12. Qd2 Qxd2+ 13. Nfxd2 Be7 14.
O-O Nd7 15. f4 Nxc5 16. Nxc5 Bxc5 17. Kf2 b6 18. Ne4 Be7 19. Rfd1 Bb7 20. Nd6
Bxd6 21. Rxd6 Rfd8 22. Rbd1 Rxd6 23. Rxd6 Kf8 24. a4 Ke7 25. Rd2 Rd8 26. Rxd8
Kxd8 27. g4 Bd5 28. Bb5 Kc7 29. Ke2 Bc6 30. Kd3 a5 31. Bxc6 Kxc6 32. Kc4 f6 33.
h4 h6 34. h5 e5 35. fxe5 fxe5 36. e4 Kb7 37. Kd5 b5 38. axb5 Kb6 39. Kxe5 a4
40. Kd6 a3 41. e5 a2 42. e6 a1=Q 43. e7 Qd4+ 44. Ke6 Qe4+ 45. Kf7 Qf4+ 46. Kxg7
Qxg4+ 47. Kxh6 Qe6+ 48. Kh7 Qxe7+ 49. Kh8 Qg5 0-1

[Event "25. Torneo San Viator 2015 - Torneo B"]
[Site "Madrid ESP"]
[Date "2015.10.04"]
[Round "1.28"]
[White "Dominguez Lerida, Nicolas"]
[Black "Ingunza Curro, Alvaro"]
[Result "1-0"]
[WhiteElo "1509"]
[BlackElo "1101"]
[PlyCount "39"]
[EventDate "2015.10.04"]
[EventType "swiss"]
[EventRounds "9"]
[EventCountry "ESP"]
[Source "lmi"]
[SourceDate "2015.10.04"]

1. d4 d5 2. c4 c6 3. Nc3 Nf6 4. Nf3 dxc4 5. a4 Bf5 6. e3 e6 7. Bxc4 Bb4 8. O-O
O-O 9. Qe2 Qc7 10. e4 Bg4 11. h3 Bxf3 12. Qxf3 Nbd7 13. e5 Nd5 14. Nxd5 exd5
15. Bd3 h6 16. Bxh6 Rfe8 17. Qg3 Kf8 18. Qxg7+ Ke7 19. Bg5+ Ke6 20. Qh7 1-0

[Event "25. Torneo San Viator 2015 - Torneo B"]
[Site "Madrid ESP"]
[Date "2015.10.04"]
[Round "1.29"]
[White "Garcia Pardo, Celia"]
[Black "Blasco Gallardo, Francisco"]
[Result "0-1"]
[WhiteElo "1020"]
[BlackElo "1495"]
[PlyCount "140"]
[EventDate "2015.10.04"]
[EventType "swiss"]
[EventRounds "9"]
[EventCountry "ESP"]
[Source "lmi"]
[SourceDate "2015.10.04"]

1. e4 g6 2. d4 Bg7 3. Nf3 a6 4. Nc3 b5 5. a3 d6 6. g3 Nc6 7. Bg2 Bg4 8. Be3 e5
9. d5 Na5 10. Bg5 f6 11. h3 Bd7 12. Bc1 Qc8 13. b3 Ne7 14. Be3 f5 15. Qd2 Qb7
16. Bf1 b4 17. axb4 Qxb4 18. Na2 Qxd2+ 19. Bxd2 Nb7 20. exf5 Bxf5 21. c4 e4 22.
Bc3 Bxc3+ 23. Nxc3 exf3 24. g4 Bc2 25. b4 g5 26. b5 Nc5 27. bxa6 Rxa6 28. Rxa6
Nxa6 29. c5 Nxc5 30. Kd2 Bg6 31. Nb5 Nxd5 32. Bc4 Ne4+ 33. Ke1 c6 34. Nd4 Kd7
35. Nxf3 Ra8 36. Ke2 Nec3+ 37. Kd2 h6 38. Nd4 Ra4 39. Bxd5 Nxd5 40. Nf5 Ra2+
41. Kd3 Rxf2 42. h4 Bxf5+ 43. gxf5 Rxf5 44. hxg5 hxg5 45. Rg1 Re5 46. Kd4 Nf4
47. Kc4 Re4+ 48. Kc3 Ne2+ 49. Kd3 Nxg1 50. Kxe4 Ke6 51. Ke3 Ke5 52. Kf2 Nh3+
53. Kg3 Nf4 54. Kg4 c5 55. Kxg5 Ke4 56. Kf6 c4 57. Ke7 d5 58. Kd6 c3 59. Kc5 c2
60. Kc6 d4 61. Kc5 d3 62. Kc4 c1=Q+ 63. Kb5 Kd5 64. Kb4 Qc4+ 65. Ka3 Qc3+ 66.
Ka4 Qb2 67. Ka5 Kc4 68. Ka6 Kc5 69. Ka7 Kc6 70. Ka8 Qb7# 0-1

[Event "25. Torneo San Viator 2015 - Torneo B"]
[Site "Madrid ESP"]
[Date "2015.10.11"]
[Round "2.1"]
[White "Jimenez Alvaro, Angel"]
[Black "Dominguez Lerida, Nicolas"]
[Result "1-0"]
[WhiteElo "1742"]
[BlackElo "1509"]
[PlyCount "87"]
[EventDate "2015.10.04"]
[EventType "swiss"]
[EventRounds "9"]
[EventCountry "ESP"]
[Source "lmi"]
[SourceDate "2015.10.04"]

1. d4 d5 2. Bf4 e6 3. e3 Nf6 4. Nd2 Be7 5. Bd3 O-O 6. Ngf3 Nbd7 7. Ne5 c5 8. c3
c4 9. Bc2 Qb6 10. Rb1 Bd6 11. g4 g6 12. h4 Qc7 13. Nxd7 Nxd7 14. Bh6 Re8 15. h5
e5 16. hxg6 fxg6 17. dxe5 Nxe5 18. Nf3 Bxg4 19. Qxd5+ Be6 20. Qd1 Bg4 21. Be4
Nxf3+ 22. Bxf3 Bxf3 23. Qxf3 Qf7 24. Qxf7+ Kxf7 25. Rd1 Re6 26. Rh4 Rc8 27.
Rhd4 Rc6 28. Ke2 Kf6 29. f4 Bc5 30. Bg5+ Kf5 31. Kf3 Rxe3+ 32. Kxe3 Re6+ 33.
Kf3 Bxd4 34. Rxd4 Rc6 35. Rd5+ Ke6 36. Ke4 Rb6 37. Rd2 Ra6 38. a3 Rc6 39. Kd4
Rd6+ 40. Ke3 Rc6 41. Kf3 h5 42. Re2+ Kd5 43. Be7 b6 44. Re5# 1-0

[Event "25. Torneo San Viator 2015 - Torneo B"]
[Site "Madrid ESP"]
[Date "2015.10.11"]
[Round "2.2"]
[White "Blasco Gallardo, Francisco"]
[Black "Munoz Cebey, Ricardo"]
[Result "0-1"]
[WhiteElo "1495"]
[BlackElo "1693"]
[PlyCount "140"]
[EventDate "2015.10.04"]
[EventType "swiss"]
[EventRounds "9"]
[EventCountry "ESP"]
[Source "lmi"]
[SourceDate "2015.10.04"]

1. b3 d5 2. Bb2 Nf6 3. e3 Bg4 4. Nf3 e6 5. Bb5+ c6 6. Be2 Bd6 7. Ne5 Bxe2 8.
Qxe2 O-O 9. d3 Nbd7 10. Nxd7 Nxd7 11. Qg4 Nf6 12. Qf3 e5 13. O-O e4 14. dxe4
Nxe4 15. Rd1 Qc7 16. g3 Be5 17. c3 a5 18. Qe2 a4 19. f3 Nd6 20. Na3 axb3 21.
axb3 Qb6 22. b4 Rfd8 23. Kg2 h5 24. e4 dxe4 25. fxe4 Re8 26. Nc4 Nxc4 27. Qxc4
Qe3 28. Rxa8 Rxa8 29. Rf1 Rf8 30. Rf3 Qd2+ 31. Rf2 Qd6 32. Bc1 b5 33. Qb3 Qd3
34. Rf3 Qxe4 35. Be3 Bf6 36. Bc5 Rd8 37. Bd4 Rd7 38. Kf2 Bxd4+ 39. cxd4 Qxd4+
40. Kg2 Qd2+ 41. Rf2 Qd5+ 42. Qxd5 Rxd5 43. Rc2 Rd4 44. Rb2 Kf8 45. Kf2 Ke7 46.
Ke3 Rc4 47. Rb3 Kd6 48. Rd3+ Ke6 49. Rb3 g5 50. Kf3 Kf5 51. h3 g4+ 52. hxg4+
Rxg4 53. Rd3 Rxb4 54. Rd6 Rc4 55. Rh6 Rc3+ 56. Ke2 Kg4 57. Kd2 b4 58. Rf6 Kxg3
59. Rxf7 h4 60. Ke2 h3 61. Rg7+ Kh2 62. Kd2 Rg3 63. Re7 Rf3 64. Rg7 c5 65. Rg4
Rg3 66. Rf4 Kg2 67. Ke2 h2 68. Rf2+ Kh3 69. Rf1 Rg1 70. Rf3+ Kg4 0-1

[Event "25. Torneo San Viator 2015 - Torneo B"]
[Site "Madrid ESP"]
[Date "2015.10.11"]
[Round "2.3"]
[White "Serrano Gonzalez, Oscar"]
[Black "Salgado Duarte, Pablo"]
[Result "1-0"]
[WhiteElo "1665"]
[BlackElo "1486"]
[PlyCount "129"]
[EventDate "2015.10.04"]
[EventType "swiss"]
[EventRounds "9"]
[EventCountry "ESP"]
[Source "lmi"]
[SourceDate "2015.10.04"]

1. e4 e5 2. Nf3 Nc6 3. Bb5 d6 4. d4 exd4 5. Nxd4 Bd7 6. Nc3 Nf6 7. Be3 Be7 8.
f3 O-O 9. O-O Ne5 10. Bxd7 Nfxd7 11. b3 a6 12. Qd2 Nb6 13. Rad1 a5 14. Nf5 Bf6
15. Bxb6 cxb6 16. Nb5 Qd7 17. Nfxd6 Qc6 18. Qe2 Ng6 19. Qc4 Nf4 20. Rfe1 Be5
21. g3 Ne6 22. f4 Bxd6 23. Qxc6 bxc6 24. Nxd6 c5 25. c3 Nc7 26. a4 g6 27. e5
Ne6 28. Nc4 Rab8 29. Rd6 b5 30. Nxa5 bxa4 31. bxa4 Ra8 32. Nc6 Rxa4 33. Ne7+
Kh8 34. Rf1 Ra3 35. Nd5 Rb8 36. Rd7 Kg7 37. f5 gxf5 38. Rxf5 Rf8 39. Rf6 Ng5
40. e6 Ra1+ 41. Rf1 Rxf1+ 42. Kxf1 Nxe6 43. Ke2 Re8 44. Kd3 Ra8 45. Nc7 Ra2 46.
Nxe6+ Kf6 47. Nxc5 Rxh2 48. Ne4+ Kg6 49. Rd6+ Kg7 50. Rf6 Rg2 51. Rf2 Rg1 52.
c4 Kg6 53. Rf3 Rd1+ 54. Ke2 Rd4 55. Nd2 f5 56. c5 Rd8 57. Ke3 h5 58. Nb3 Kg5
59. Rf4 Re8+ 60. Kd3 Rd8+ 61. Nd4 Kf6 62. Rxf5+ Kg6 63. Rf4 Rd5 64. Kc4 Rd8 65.
c6 1-0

[Event "25. Torneo San Viator 2015 - Torneo B"]
[Site "Madrid ESP"]
[Date "2015.10.11"]
[Round "2.4"]
[White "Marcelo De La Mata, Daniel"]
[Black "Del Noval Perez, Jeronimo"]
[Result "1/2-1/2"]
[WhiteElo "1656"]
[BlackElo "1453"]
[PlyCount "35"]
[EventDate "2015.10.04"]
[EventType "swiss"]
[EventRounds "9"]
[EventCountry "ESP"]
[Source "lmi"]
[SourceDate "2015.10.04"]

1. e4 e5 2. Nf3 Nc6 3. Nc3 Nf6 4. g3 Bb4 5. d3 Bxc3+ 6. bxc3 h6 7. Bg2 d6 8.
O-O O-O 9. Rb1 Rb8 10. Nh4 Ne7 11. f4 c5 12. fxe5 dxe5 13. Bxh6 Ng4 14. Bg5 f6
15. Bd2 g5 16. Nf5 Nxf5 17. Qxg4 Ne3 18. Qh5 1/2-1/2

[Event "25. Torneo San Viator 2015 - Torneo B"]
[Site "Madrid ESP"]
[Date "2015.10.11"]
[Round "2.5"]
[White "Bustos Bernardo, Diego"]
[Black "Martinez Sanz, Ignacio"]
[Result "1-0"]
[WhiteElo "1343"]
[BlackElo "1644"]
[PlyCount "81"]
[EventDate "2015.10.04"]
[EventType "swiss"]
[EventRounds "9"]
[EventCountry "ESP"]
[Source "lmi"]
[SourceDate "2015.10.04"]

1. d4 Nf6 2. c4 e6 3. Nc3 d5 4. Nf3 Nbd7 5. Bg5 c6 6. e3 Be7 7. Rc1 O-O 8. Bd3
a6 9. O-O dxc4 10. Bxc4 b5 11. Bd3 Bb7 12. Re1 c5 13. Bxf6 Nxf6 14. e4 Re8 15.
e5 Nd5 16. Nxd5 Bxd5 17. dxc5 Rc8 18. b4 Qd7 19. Be4 Red8 20. Bxd5 Qxd5 21.
Qxd5 Rxd5 22. Red1 Rxd1+ 23. Rxd1 Rc7 24. Ra1 g5 25. g4 f6 26. exf6 Bxf6 27.
Rd1 Kf7 28. Rd6 a5 29. a3 axb4 30. axb4 e5 31. Rb6 e4 32. Nd2 Bc3 33. Nxe4 Bxb4
34. Nxg5+ Ke8 35. Rxb5 Rxc5 36. Rxc5 Bxc5 37. Nxh7 Be7 38. f4 Bh4 39. Ng5 Ke7
40. Kg2 Kf6 41. Nf3 1-0

[Event "25. Torneo San Viator 2015 - Torneo B"]
[Site "Madrid ESP"]
[Date "2015.10.11"]
[Round "2.6"]
[White "Diaz Del Prado, Carlos"]
[Black "Mateos Cordero, Francisco"]
[Result "0-1"]
[WhiteElo "1279"]
[BlackElo "1627"]
[PlyCount "70"]
[EventDate "2015.10.04"]
[EventType "swiss"]
[EventRounds "9"]
[EventCountry "ESP"]
[Source "lmi"]
[SourceDate "2015.10.04"]

1. d4 d5 2. Nf3 Nf6 3. e3 Nbd7 4. Bd3 c5 5. c3 e6 6. Nbd2 Qc7 7. O-O cxd4 8.
cxd4 Bd6 9. Qc2 Qxc2 10. Bxc2 b6 11. e4 dxe4 12. Nxe4 Be7 13. Bf4 O-O 14. Bd6
Bxd6 15. Nxd6 Ba6 16. Rfd1 Be2 17. Rd2 Bxf3 18. gxf3 Nd5 19. Be4 N7f6 20. Nc4
Rac8 21. Ne3 Rfd8 22. Rc2 Rxc2 23. Bxc2 Rc8 24. Bb3 g6 25. Nxd5 Nxd5 26. Bxd5
exd5 27. b3 Rc2 28. Kf1 Rd2 29. Ke1 Rc2 30. a3 Kg7 31. b4 Kf6 32. Rd1 Rc3 33.
Ke2 Rxa3 34. Rd3 Rxd3 35. Kxd3 a6 0-1

[Event "25. Torneo San Viator 2015 - Torneo B"]
[Site "Madrid ESP"]
[Date "2015.10.11"]
[Round "2.7"]
[White "Valdes Sanchez, Jesus Manuel"]
[Black "Centeno Mateos, Domingo"]
[Result "1/2-1/2"]
[WhiteElo "1594"]
[BlackElo "1438"]
[PlyCount "96"]
[EventDate "2015.10.04"]
[EventType "swiss"]
[EventRounds "9"]
[EventCountry "ESP"]
[Source "lmi"]
[SourceDate "2015.10.04"]

1. e4 c5 2. Nf3 d6 3. d4 cxd4 4. Nxd4 Nf6 5. Nc3 a6 6. Bg5 e5 7. Nb3 Be7 8. f3
Be6 9. Bxf6 Bxf6 10. Nd5 Nd7 11. Be2 O-O 12. O-O Bxd5 13. Qxd5 Qb6+ 14. Kh1
Rac8 15. c3 Be7 16. Qd2 Nf6 17. Bd3 h6 18. Rab1 d5 19. exd5 Nxd5 20. Bh7+ Kxh7
21. Qxd5 f6 22. Qe4+ Kh8 23. f4 Qc7 24. fxe5 fxe5 25. Nd2 b5 26. Nf3 Bf6 27.
Rf2 Rcd8 28. Rbf1 Qe7 29. h4 Rd6 30. Nxe5 Kg8 31. Qf5 Rd5 32. Nc6 Qd6 33. Qc2
Qxc6 34. Qb3 Kh8 35. Rf3 Rh5 36. Rh3 Qe4 37. Qd1 Rxh4 38. Rff3 Rd8 39. Qf1
Rxh3+ 40. Rxh3 Rd3 41. Rxd3 Qh4+ 42. Rh3 Qe4 43. Kg1 Qc2 44. Rd3 Qxb2 45. Qe1
Qxa2 46. Qe8+ Kh7 47. Qe4+ Kg8 48. Qe8+ Kh7 1/2-1/2

[Event "25. Torneo San Viator 2015 - Torneo B"]
[Site "Madrid ESP"]
[Date "2015.10.11"]
[Round "2.8"]
[White "Ramos Antona, Enrique"]
[Black "Benitez Robles, Antonio"]
[Result "1-0"]
[WhiteElo "1577"]
[BlackElo "1425"]
[PlyCount "66"]
[EventDate "2015.10.04"]
[EventType "swiss"]
[EventRounds "9"]
[EventCountry "ESP"]
[Source "lmi"]
[SourceDate "2015.10.04"]

1. d4 Nf6 2. c4 c5 3. Nf3 e6 4. g3 d5 5. Bg2 Nc6 6. cxd5 exd5 7. O-O cxd4 8.
Nxd4 Bc5 9. Nb3 Bb6 10. Bg5 d4 11. N1d2 h6 12. Bxf6 Qxf6 13. Nc4 O-O 14. Nxb6
axb6 15. Bxc6 bxc6 16. Qxd4 Qg6 17. Kg2 Qe6 18. e4 Qh3+ 19. Kg1 Bg4 20. f3 c5
21. Qe3 Be6 22. a3 Rfe8 23. Nd2 Bd5 24. Qf2 Bc6 25. Rfd1 Qh5 26. Nc4 Rab8 27.
Rd6 Rec8 28. Rad1 Qg5 29. Ne3 Rc7 30. Nf5 Ba4 31. h4 Qxf5 32. exf5 Bxd1 33. Qd2
Bxf3 1-0

[Event "25. Torneo San Viator 2015 - Torneo B"]
[Site "Madrid ESP"]
[Date "2015.10.11"]
[Round "2.9"]
[White "Alameda Arellano, Cristeto"]
[Black "Lopez Nunez, Roberto"]
[Result "1/2-1/2"]
[WhiteElo "1545"]
[BlackElo "1405"]
[PlyCount "68"]
[EventDate "2015.10.04"]
[EventType "swiss"]
[EventRounds "9"]
[EventCountry "ESP"]
[Source "lmi"]
[SourceDate "2015.10.04"]

1. d4 Nf6 2. c4 e6 3. Nc3 d5 4. Nf3 Nbd7 5. Bg5 Be7 6. e3 O-O 7. Bd3 h6 8. Bh4
b6 9. O-O Bb7 10. cxd5 Nxd5 11. Bxe7 Qxe7 12. e4 Nf4 13. Bc2 Ba6 14. Re1 Rad8
15. Qd2 Ng6 16. Rad1 Nde5 17. Nxe5 Nxe5 18. Qf4 Nc4 19. Qc1 Qb4 20. Bb3 Na5 21.
Bc2 Rxd4 22. a3 Rxd1 23. Rxd1 Qe7 24. b4 Nc4 25. Bd3 b5 26. Nxb5 Bxb5 27. Bxc4
Bxc4 28. Qxc4 Rd8 29. Rxd8+ Qxd8 30. g3 Qd6 31. Kg2 Kf8 32. Kf3 Ke7 33. Ke3 f6
34. f4 g5 1/2-1/2

[Event "25. Torneo San Viator 2015 - Torneo B"]
[Site "Madrid ESP"]
[Date "2015.10.11"]
[Round "2.11"]
[White "Sanchez Sanchez, Cesar"]
[Black "Jimenez Manzano, Emiliano"]
[Result "0-1"]
[WhiteElo "1800"]
[BlackElo "1550"]
[PlyCount "56"]
[EventDate "2015.10.04"]
[EventType "swiss"]
[EventRounds "9"]
[EventCountry "ESP"]
[Source "lmi"]
[SourceDate "2015.10.04"]

1. d4 d5 2. Bf4 Bf5 3. Nf3 e6 4. e3 Bd6 5. Bg3 h6 6. c3 Nf6 7. Bd3 Bxd3 8. Qxd3
a6 9. Nbd2 Nbd7 10. O-O Bxg3 11. hxg3 O-O 12. Rfe1 c5 13. Rac1 c4 14. Qc2 b5
15. e4 dxe4 16. Nxe4 Nxe4 17. Rxe4 Nf6 18. Rh4 Nh7 19. Re1 Ng5 20. Nxg5 Qxg5
21. Re5 Qe7 22. Qe4 Rad8 23. Rxh6 gxh6 24. Qg4+ Kh7 25. Rh5 f5 26. Qf4 Qg7 27.
f3 Rf6 28. Qh4 Rdf8 0-1

[Event "25. Torneo San Viator 2015 - Torneo B"]
[Site "Madrid ESP"]
[Date "2015.10.11"]
[Round "2.12"]
[White "Navarro Gonzalez, Jaime"]
[Black "Berlana San Segundo, Miguel"]
[Result "1-0"]
[WhiteElo "1733"]
[BlackElo "1527"]
[PlyCount "47"]
[EventDate "2015.10.04"]
[EventType "swiss"]
[EventRounds "9"]
[EventCountry "ESP"]
[Source "lmi"]
[SourceDate "2015.10.04"]

1. e4 e6 2. d4 d5 3. Nd2 c5 4. c3 Nc6 5. Ngf3 cxd4 6. cxd4 Bb4 7. a3 dxe4 8.
axb4 exf3 9. Nxf3 Nxb4 10. Bd2 Nc6 11. Bc3 Nf6 12. Bd3 Nd5 13. O-O O-O 14. Ne5
Nxc3 15. bxc3 Nxe5 16. dxe5 Qg5 17. Re1 Rd8 18. Qf3 a6 19. Ra4 Rb8 20. Rg4 Qd2
21. Rd1 Qxc3 22. Bxh7+ Kxh7 23. Rh4+ Kg6 24. Qg4# 1-0

[Event "25. Torneo San Viator 2015 - Torneo B"]
[Site "Madrid ESP"]
[Date "2015.10.11"]
[Round "2.13"]
[White "Gallego Romero, Manuel"]
[Black "San Felipe Gonzalez, Tomas"]
[Result "0-1"]
[WhiteElo "1482"]
[BlackElo "1732"]
[PlyCount "70"]
[EventDate "2015.10.04"]
[EventType "swiss"]
[EventRounds "9"]
[EventCountry "ESP"]
[Source "lmi"]
[SourceDate "2015.10.04"]

1. e4 c5 2. Bc4 Nc6 3. a3 Nf6 4. d3 e6 5. h3 d5 6. exd5 exd5 7. Ba2 h6 8. Ne2
Bd6 9. O-O O-O 10. Nd2 Be6 11. Nf3 Qc7 12. c3 Rad8 13. d4 b6 14. Be3 Rfe8 15.
Qc1 Nh5 16. Bb1 Na5 17. Bc2 c4 18. Qd1 Nf6 19. Nc1 Nc6 20. Qd2 Ne4 21. Bxe4
dxe4 22. Ne1 b5 23. Qe2 a6 24. Qh5 Kh7 25. Kh1 Ne7 26. Na2 Ng6 27. Nc2 Bc8 28.
Nab4 Bb7 29. Ne1 Nf4 30. Bxf4 Bxf4 31. Nbc2 Rd5 32. Qd1 Rg5 33. Ne3 Qd7 34. Qc2
Rh5 35. Ng4 Qxg4 0-1

[Event "25. Torneo San Viator 2015 - Torneo B"]
[Site "Madrid ESP"]
[Date "2015.10.11"]
[Round "2.14"]
[White "Estirado De Cabo, Cesar"]
[Black "Tudela Garcia, Antonio"]
[Result "0-1"]
[WhiteElo "1435"]
[BlackElo "1632"]
[PlyCount "105"]
[EventDate "2015.10.04"]
[EventType "swiss"]
[EventRounds "9"]
[EventCountry "ESP"]
[Source "lmi"]
[SourceDate "2015.10.04"]

1. d4 d5 2. c4 e6 3. Nc3 Nf6 4. Bg5 Nbd7 5. e3 c6 6. a3 Be7 7. Nf3 O-O 8. Rc1
Re8 9. Bd3 dxc4 10. Bxc4 Nd5 11. O-O Bxg5 12. Ne4 Be7 13. Qd3 h6 14. Ba2 N7f6
15. Bb1 Bf8 16. Nxf6+ Nxf6 17. e4 g6 18. e5 Nd5 19. g3 Ne7 20. h4 h5 21. Kh2
Bh6 22. Rce1 Nf5 23. Rg1 Bg7 24. Kh3 Nh6 25. Nh2 Nf5 26. Nf3 Kf8 27. g4 hxg4+
28. Rxg4 c5 29. dxc5 Qxd3 30. Bxd3 Bd7 31. b4 Bc6 32. Ng5 Rad8 33. Bf1 Rd4 34.
Rxd4 Nxd4 35. f4 Ke7 36. Rc1 a6 37. Bd3 Bh6 38. Rg1 Bxg5 39. Rxg5 Nf3 40. Rg3
Rd8 41. Be2 Nd4 42. Bg4 Be4 43. Rg1 Bf5 44. Bxf5 Nxf5 45. Kg4 Rd3 46. a4 Nd4
47. Re1 Nc2 48. Re4 Rd4 49. Rxd4 Nxd4 50. Kg3 Nc2 51. b5 axb5 52. axb5 Nd4 53.
b6 0-1

[Event "25. Torneo San Viator 2015 - Torneo B"]
[Site "Madrid ESP"]
[Date "2015.10.11"]
[Round "2.15"]
[White "Cabello Rodriguez, Raul"]
[Black "Sirera Andres, Dario"]
[Result "1-0"]
[WhiteElo "1615"]
[BlackElo "1360"]
[PlyCount "157"]
[EventDate "2015.10.04"]
[EventType "swiss"]
[EventRounds "9"]
[EventCountry "ESP"]
[Source "lmi"]
[SourceDate "2015.10.04"]

1. d4 Nf6 2. Bf4 g6 3. Nf3 Bg7 4. e3 O-O 5. Be2 d6 6. h3 Be6 7. Nbd2 c5 8. c3
Qb6 9. b3 Nc6 10. Nc4 Qd8 11. Qc2 Nd5 12. Bh2 Bf5 13. Bd3 b5 14. Bxf5 bxc4 15.
bxc4 Nf6 16. Bd3 Rc8 17. O-O Qd7 18. a3 Nd8 19. Rfb1 Ne6 20. Rb2 Rb8 21. Rab1
Qc7 22. Qa4 Rfc8 23. Qa6 Nd7 24. Rb7 Rxb7 25. Rxb7 Qd8 26. Rxa7 Nf6 27. Qa4 Rb8
28. Qc2 Ra8 29. Rxa8 Qxa8 30. Qb2 Nd7 31. Bc2 cxd4 32. cxd4 Ndc5 33. Qb5 Qxa3
34. Ne1 Qc1 35. Kf1 Qa3 36. dxc5 Nxc5 37. Qb1 Qc3 38. Bd3 Nxd3 39. Qxd3 Qb4 40.
f3 Qc5 41. Bg3 Bh6 42. Bf2 Qg5 43. g4 Qe5 44. f4 Qc5 45. e4 Qc6 46. Ng2 Bg7 47.
Bd4 Qa4 48. Bxg7 Kxg7 49. Qd4+ Kg8 50. Ne3 Qb3 51. Ke2 Qa2+ 52. Qd2 Qb1 53. Kf3
Qh1+ 54. Qg2 Qxg2+ 55. Nxg2 Kg7 56. g5 f6 57. h4 fxg5 58. fxg5 Kf7 59. Nf4 e6
60. Kg4 e5 61. Nd3 Kg7 62. h5 Kf7 63. c5 Ke7 64. hxg6 hxg6 65. cxd6+ Kxd6 66.
Kf3 Ke6 67. Ke3 Kd6 68. Kd2 Ke6 69. Kc3 Kd6 70. Kc4 Kc6 71. Nxe5+ Kd6 72. Nxg6
Ke6 73. Kd4 Kf7 74. Nf4 Ke7 75. Ke5 Ke8 76. Kf6 Kf8 77. g6 Kg8 78. g7 Kh7 79.
Kf7 1-0

[Event "25. Torneo San Viator 2015 - Torneo B"]
[Site "Madrid ESP"]
[Date "2015.10.11"]
[Round "2.16"]
[White "Aguilera Prada, Alejandro"]
[Black "Corral Sanchez, Jesus"]
[Result "0-1"]
[WhiteElo "1426"]
[BlackElo "1613"]
[PlyCount "112"]
[EventDate "2015.10.04"]
[EventType "swiss"]
[EventRounds "9"]
[EventCountry "ESP"]
[Source "lmi"]
[SourceDate "2015.10.04"]

1. d4 d5 2. Nf3 c6 3. Bf4 Nf6 4. h3 Bf5 5. e3 e6 6. a3 Qa5+ 7. Nbd2 Be7 8. Be2
h6 9. O-O O-O 10. c4 dxc4 11. Nxc4 Qd8 12. Rc1 Nbd7 13. Nfe5 Nxe5 14. dxe5 Nd7
15. Nd6 Bxd6 16. exd6 e5 17. Bh2 Qf6 18. Bg4 Rfd8 19. Bxf5 Qxf5 20. Qd2 Qe6 21.
Rfd1 Nb6 22. Qc3 f6 23. Qb4 Rd7 24. Rd3 Rad8 25. Rcd1 Nc8 26. f4 e4 27. R3d2 f5
28. Qc5 Rxd6 29. Rxd6 Rxd6 30. Rxd6 Nxd6 31. Qxa7 Kh7 32. Qd4 Qd5 33. Kf1 Qxd4
34. exd4 Nc4 35. Ke2 Nxb2 36. Bg1 Kg8 37. Be3 Kf7 38. Bc1 Nd3 39. Bd2 Ke6 40.
Ke3 Kd5 41. g4 g6 42. gxf5 gxf5 43. Ba5 Kc4 44. h4 h5 45. Bd2 Kb3 46. d5 cxd5
47. Kd4 Kxa3 48. Kxd5 b5 49. Ke6 Kb3 50. Kxf5 Nc5 51. Ke5 Kc4 52. f5 b4 53.
Bxb4 Kxb4 54. Kf4 Kc4 55. Ke3 Kd5 56. f6 Ke6 0-1